000 00412nam a2200133Ia 4500
008 211109s9999||||xx |||||||||||||| ||und||
082 _a954.83
_bALA-N
100 _aAlankode Leelakrishnan,
245 0 _aNilayude Theerangaliloode
260 _bFrom Fr Gregory Karikamparampil No 1006
_aEndowment, Current B
_c1900
630 _xGENERAL STACK
650 _aHistory
_vIndia
_xKeralaNila River Kerala
942 _cBOOK
999 _c47746
_d47746